| 000 | 00383nam a2200133Ia 4500 | ||
|---|---|---|---|
| 008 | 231017s9999 xx 000 0 und d | ||
| 082 | _a625.85 | ||
| 082 | _bRUS | ||
| 245 | 0 | _aEvaluation of Long-Term Pavement Performance and Noise Characteristics of Open-Graded Friction Courses - Project 3 | |
| 245 | 0 | _cMark Russell | |
| 260 | _bMark Russell | ||
| 300 | _c30cm | ||
| 942 | _cREP | ||
| 999 |
_c604805 _d604805 |
||